000 00757nam a22002297a 4500
003 OSt
005 20211118114511.0
008 211001b ||||| |||| 00| 0 eng d
020 _a9781496354044
040 _aPHNSL
_cPHNSL
100 _aMoore , Keith L.
245 _aClinically Oriented :
_bAnnatomy /
_cKeith L. Moore
250 _a8th ed .
260 _aPhiladelphia :
_bWolters Kluwer,
_c2018 .
300 _axxxv ,1153 p . : ill . pictures , tabless , in colour
500 _aComprehensive updates captured and extensively revised.
504 _aIncludes bibliography, references, and suggested reading, also index.
650 _2Anatomy
651 _2India
700 _aMoore Keith L. , Dalley II Arthur F. , Agur Anne M. R.
942 _2lcc
_cBK
999 _c538
_d538